000 00447nam a2200169 4500
001 110338
003 ES-MaACL
005 20230906185030.0
007 t|
008 061121s1902 sp r ||||1| spa d
110 1 _aMadrid.
_bAyuntamiento
_9234069
245 1 0 _aOrdenanzas municipales de la Villa de Madrid.
260 _aMadrid :
_bR. Velasco,
_c1902.
300 _a218 p. ;
_c19 cm.
852 _aES-MaACL
_jF-12835
999 _c110338
_d110338